Súhrnné hospodárske výsledky nefinančných a finančných korporácií v SR za 1.-3. štvrťrok 2002

Guardado en:
Detalles Bibliográficos
Formato: Libro
Lenguaje:eslovaco
inglés
Publicado: Bratislava Štatistický úrad Slovenskej republiky 2002
Colección:Financie a investície
Materias:
Etiquetas: Agregar Etiqueta
Sin Etiquetas, Sea el primero en etiquetar este registro!

MARC

LEADER 00000nam a2200000 4500
001 c141048
005 20260122123230.1
041 0 |a slo 
041 0 |a eng 
044 |a SK 
245 1 0 |a Súhrnné hospodárske výsledky nefinančných a finančných korporácií v SR za 1.-3. štvrťrok 2002 
264 1 |a Bratislava  |b Štatistický úrad Slovenskej republiky  |c 2002 
300 |a [21 s.] 
490 1 |a Financie a investície 
830 0 |a Financie a investície 
610 2 0 |a Slovensko 
610 2 0 |a výsledok hospodársky 
610 2 0 |a organizácie finančné 
610 2 0 |a organizácie nefinančné 
610 2 0 |a korporácie